Los hombres de la historia : la historia universal a través de sus protagonistas : Tomás de Aquino /

Guardado en:
書目詳細資料
主要作者: Chenu, Marie-Dominique (autor)
其他作者: Bahamonde, Susana (traducción) (traducción)
格式: 圖書
語言:西班牙语
出版: Buenos Aires, Argentina : Centro Editor de América Latina, 1969, c1969
標簽: 添加標簽
沒有標簽, 成為第一個標記此記錄!

MARC

LEADER 00000nam^a2200000^a^4500
001 000453241
005 20250526000000.0
009 20260310123857.268
037 |a Acervo Xavier Clavigero 
041 |a ESP 
091 |a FCA. 04487 
100 |a Chenu, Marie-Dominique  |e (autor) 
245 1 4 |a Los hombres de la historia :  |b la historia universal a través de sus protagonistas : Tomás de Aquino / 
264 4 |a Buenos Aires, Argentina :  |b Centro Editor de América Latina,  |c 1969, c1969 
300 |a p. 141-168 ;  |c 31.0 cm. 
336 |a texto  |b txt  |2 rdacontenido 
337 |a sin mediación  |b n  |2 rdamedio 
338 |a volumen  |b nc  |2 rdasoporte 
649 |a XX 
700 |a Bahamonde, Susana  |e (traducción) 
910 |a Fondo Xavier Cacho Vázquez S.J. 
920 |a Impresos - Libros 
930 |a Libros Antiguos y Raros 
905 |a 108 
901 |a 0500362572  |b IT2  |c LRA  |u 20250526 
902 |a https://opac.biblio.iteso.mx/vufind/Record/000453241